[Event "Bogoroditsk 07"]
[Site "Bogoroditsk"]
[Date "2011.07.21"]
[Round "9"]
[White "Stepanov, Alexander M"]
[Black "Korolev, Anatoly Vladimirovi"]
[Result "1/2-1/2"]
[WhiteElo "2231"]
[BlackElo "2235"]
[PlyCount "36"]
[EventDate "2011.07.16"]
[EventType "tourn"]
[EventRounds "13"]
[EventCountry "RUS"]
[EventCategory "4"]
[SourceTitle "EXT 2012"]
[Source "ChessBase"]
[SourceDate "2011.11.24"]
[SourceVersion "1"]
[SourceVersionDate "2011.11.24"]
[SourceQuality "1"]

1. d4 Nf6 2. c4 g6 3. Nc3 d5 4. cxd5 Nxd5 5. e4 Nxc3 6. bxc3 Bg7 7. Nf3 c5 8. Be3 Bg4 9. Rc1 Bxf3 10. gxf3 cxd4 11. cxd4 0-0 12. f4 e6 13. Bg2 Nc6 14. e5 Qa5+ 15. Qd2 Qa6 16. Qe2 Qa5+ 17. Qd2 Qa6 18. Qe2 Qa5+ 1/2-1/2

[Event "Bogoroditsk 03"]
[Site "Bogoroditsk"]
[Date "2011.03.29"]
[Round "12"]
[White "Domogaev, Sergey"]
[Black "Stepanov, Alexander M"]
[Result "1-0"]
[WhiteElo "2447"]
[BlackElo "2264"]
[PlyCount "77"]
[EventDate "2011.03.20"]
[EventType "tourn"]
[EventRounds "13"]
[EventCountry "RUS"]
[EventCategory "5"]
[SourceTitle "EXT 2012"]
[Source "ChessBase"]
[SourceDate "2011.11.24"]
[SourceVersion "1"]
[SourceVersionDate "2011.11.24"]
[SourceQuality "1"]

1. e4 c6 2. d4 d5 3. exd5 cxd5 4. c4 Nf6 5. Nc3 Nc6 6. Bg5 Be6 7. a3 Qd7 8. Bxf6 gxf6 9. c5 Bg7 10. Bb5 Bf5 11. Nge2 e6 12. 0-0 Bg6 13. Qd2 0-0 14. Nf4 Qc7 15. Qe3 Rfe8 16. Rfe1 f5 17. Rad1 a6 18. Ba4 Qd8 19. Rd2 Rc8 20. b4 Bh6 21. g3 Qc7 22. Rd3 Red8 23. Qf3 Bxf4 24. gxf4 Kh8 25. Qe3 Qe7 26. Bxc6 bxc6 27. Qe5+ Kg8 28. Rg3 Qc7 29. h4 Qxe5 30. fxe5 Kf8 31. Ne2 Ke7 32. Nf4 h5 33. Kh2 Rh8 34. Nxg6+ fxg6 35. Rxg6 Rcg8 36. Rxg8 Rxg8 37. Rg1 Rh8 38. Rg7+ Kd8 39. Ra7 1-0

[Event "Bogoroditsk 03"]
[Site "Bogoroditsk"]
[Date "2011.03.28"]
[Round "11"]
[White "Stepanov, Alexander M"]
[Black "Ibrahimov, Rasul"]
[Result "0-1"]
[WhiteElo "2264"]
[BlackElo "2526"]
[PlyCount "58"]
[EventDate "2011.03.20"]
[EventType "tourn"]
[EventRounds "13"]
[EventCountry "RUS"]
[EventCategory "5"]
[SourceTitle "EXT 2012"]
[Source "ChessBase"]
[SourceDate "2011.11.24"]
[SourceVersion "1"]
[SourceVersionDate "2011.11.24"]
[SourceQuality "1"]

1. d4 Nf6 2. c4 e6 3. Nf3 b6 4. g3 Bb7 5. Bg2 Be7 6. 0-0 0-0 7. Nc3 Ne4 8. Qc2 Nxc3 9. Qxc3 f5 10. Be3 Bf6 11. Qd2 d6 12. d5 e5 13. Ng5 Bxg5 14. Bxg5 Qe8 15. e4 f4 16. gxf4 h6 17. Bh4 exf4 18. f3 Nd7 19. Qc3 Ne5 20. Kh1 Qd7 21. b3 a5 22. Rad1 Kh8 23. a4 Rae8 24. Qb2 Qf7 25. Qd2 Qh5 26. Qe1 Kh7 27. Kg1 g5 28. Bf2 Nxf3+ 29. Bxf3 Qxf3 0-1

[Event "Bogoroditsk 03"]
[Site "Bogoroditsk"]
[Date "2011.03.24"]
[Round "6"]
[White "Stepanov, Alexander M"]
[Black "Sosulin, Eduard"]
[Result "1/2-1/2"]
[WhiteElo "2264"]
[BlackElo "2325"]
[PlyCount "68"]
[EventDate "2011.03.20"]
[EventType "tourn"]
[EventRounds "13"]
[EventCountry "RUS"]
[EventCategory "5"]
[SourceTitle "EXT 2012"]
[Source "ChessBase"]
[SourceDate "2011.11.24"]
[SourceVersion "1"]
[SourceVersionDate "2011.11.24"]
[SourceQuality "1"]

1. e4 d6 2. d4 Nf6 3. Nc3 g6 4. Nf3 Bg7 5. Be2 0-0 6. 0-0 a6 7. a4 Nc6 8. d5 Nb4 9. a5 e6 10. Ra4 c5 11. dxc6 Nxc6 12. Qd3 d5 13. Rd1 Nxe4 14. Nxe4 dxe4 15. Qxe4 Qe7 16. Bg5 Qc7 17. Qc4 e5 18. Be3 Be6 19. Qh4 Nd4 20. Nxd4 exd4 21. Raxd4 Qxa5 22. Bh6 Bxh6 23. Qxh6 Rad8 24. Qd2 Qxd2 25. R1xd2 Rxd4 26. Rxd4 Bf5 27. c3 Re8 28. Kf1 Kg7 29. Bf3 Re7 30. h4 a5 31. Rd6 b5 32. Rd4 Be6 33. Be2 Rb7 34. Bd3 b4 1/2-1/2

[Event "Kireevsk"]
[Site "Kireevsk"]
[Date "2011.02.03"]
[Round "5"]
[White "Gusev, Aleksey"]
[Black "Stepanov, Alexander M"]
[Result "1-0"]
[WhiteElo "2421"]
[BlackElo "2296"]
[PlyCount "53"]
[EventDate "2011.02.01"]
[EventType "tourn"]
[EventRounds "13"]
[EventCountry "RUS"]
[EventCategory "6"]
[SourceTitle "CBM 141 Extra"]
[Source "ChessBase"]
[SourceDate "2011.05.03"]
[SourceVersion "1"]
[SourceVersionDate "2011.05.03"]
[SourceQuality "1"]

1. d4 Nf6 2. c4 c5 3. d5 d6 4. Nc3 g6 5. g3 Bg7 6. Bg2 0-0 7. Nf3 e6 8. 0-0 exd5 9. cxd5 a6 10. a4 Nbd7 11. Nd2 Re8 12. h3 Rb8 13. Nc4 Ne5 14. Na3 Qc7 15. f4 Ned7 16. e4 c4 17. Be3 Nc5 18. e5 Nb3 19. Ra2 Nd7 20. Ne4 dxe5 21. Nxc4 exf4 22. Rxf4 Nd4 23. Ncd6 Rf8 24. Bxd4 f5 25. Bxg7 Kxg7 26. Qd4+ Kg8 27. Nxc8 1-0

[Event "Tula 12"]
[Site "Tula"]
[Date "2010.12.08"]
[Round "9"]
[White "Stepanov, Alexander M"]
[Black "Arakeljan, Armen M"]
[Result "0-1"]
[WhiteElo "2381"]
[BlackElo "2322"]
[PlyCount "142"]
[EventDate "2010.12.03"]
[EventType "tourn"]
[EventRounds "13"]
[EventCountry "RUS"]
[EventCategory "6"]
[SourceTitle "CBM 140 Extra"]
[Source "ChessBase"]
[SourceDate "2011.03.01"]
[SourceVersion "1"]
[SourceVersionDate "2011.03.01"]
[SourceQuality "1"]

1. d4 e5 2. dxe5 Nc6 3. Nf3 Qe7 4. Bf4 Qb4+ 5. Bd2 Qxb2 6. Nc3 Nb4 7. Nd4 c6 8. e3 Qa3 9. Bc4 Nh6 10. 0-0 Na6 11. f4 d5 12. Bb3 Nf5 13. Qf3 Be7 14. Rad1 0-0 15. Nxf5 Bxf5 16. g4 Bd7 17. f5 Nc5 18. f6 Nxb3 19. fxe7 Nxd2 20. exf8Q+ Rxf8 21. Rxd2 Qxc3 22. Rdf2 Qxe5 23. Qf4 Qe6 24. g5 c5 25. a3 Bc6 26. Qg3 d4 27. exd4 cxd4 28. Rf4 Qd5 29. Re1 b5 30. Ree4 Qc5 31. Rxd4 Re8 32. c3 Qxa3 33. Rf1 Qc5 34. Qf4 Qe7 35. Rd6 Ba8 36. h4 Qb7 37. Qg3 a5 38. Rd2 Qh1+ 39. Kf2 Qe4 40. Rfd1 Qe7 41. Rd7 Qe6 42. Rd8 Qb6+ 43. R8d4 f5 44. Kg1 Qc5 45. Kf1 Qe7 46. R4d2 a4 47. Qe1 Be4 48. Qe2 Qc5 49. Rd8 Qf8 50. Rxe8 Qxe8 51. Qa2+ Kf8 52. Qa3+ Qe7 53. Qb4 Qxb4 54. cxb4 Ke7 55. Kf2 Ke6 56. Kg3 Bc2 57. Re1+ Kd5 58. Rc1 Bb3 59. Rc5+ Ke4 60. Rxb5 a3 61. Ra5 a2 62. b5 f4+ 63. Kf2 Kd5 64. b6+ Kc6 65. Ra3 Bd5 66. h5 Kxb6 67. h6 gxh6 68. gxh6 Kb5 69. Ra7 Kb4 70. Ke2 Kb3 71. Kd3 Kb2 0-1

[Event "Tula 12"]
[Site "Tula"]
[Date "2010.12.05"]
[Round "4"]
[White "Simantsev, Mikhail"]
[Black "Stepanov, Alexander M"]
[Result "1-0"]
[WhiteElo "2541"]
[BlackElo "2381"]
[PlyCount "51"]
[EventDate "2010.12.03"]
[EventType "tourn"]
[EventRounds "13"]
[EventCountry "RUS"]
[EventCategory "6"]
[SourceTitle "CBM 140 Extra"]
[Source "ChessBase"]
[SourceDate "2011.03.01"]
[SourceVersion "1"]
[SourceVersionDate "2011.03.01"]
[SourceQuality "1"]

1. d4 Nf6 2. c4 g6 3. Nc3 Bg7 4. Bg5 0-0 5. e3 Nc6 6. Nf3 h6 7. Bh4 g5 8. Bg3 d6 9. d5 Nb8 10. Bd3 Na6 11. Nd4 Nc5 12. Bc2 a5 13. 0-0 e6 14. dxe6 fxe6 15. f4 Bd7 16. Nb3 Nxb3 17. axb3 Bc6 18. Qe2 Qe7 19. fxg5 hxg5 20. Rf2 d5 21. Qd3 b6 22. Raf1 Rad8 23. Qg6 Ne4 24. cxd5 Rxf2 25. Bxf2 Nd2 26. Rd1 1-0

[Event "Donskoj"]
[Site "Donskoj"]
[Date "2010.09.11"]
[Round "11"]
[White "Guliev, Logman"]
[Black "Stepanov, Alexander M"]
[Result "1-0"]
[WhiteElo "2448"]
[BlackElo "2381"]
[PlyCount "115"]
[EventDate "2010.09.04"]
[EventType "tourn"]
[EventRounds "15"]
[EventCountry "RUS"]
[EventCategory "6"]
[SourceTitle "EXT 2011"]
[Source "ChessBase"]
[SourceDate "2010.11.26"]
[SourceVersion "1"]
[SourceVersionDate "2010.11.26"]
[SourceQuality "1"]

1. e4 c5 2. Nf3 e6 3. d4 cxd4 4. Nxd4 Nc6 5. Nb5 d6 6. c4 Nf6 7. N1c3 a6 8. Na3 Be7 9. Be2 0-0 10. 0-0 b6 11. Be3 Bb7 12. f3 Qc7 13. Qd2 Rac8 14. Rfd1 Rfd8 15. Rac1 Ne5 16. Nc2 Nfd7 17. b3 Nc5 18. b4 Ncd7 19. Nd4 Bf6 20. f4 Ng6 21. f5 Ngf8 22. fxe6 fxe6 23. Bg5 Bxg5 24. Qxg5 Ne5 25. Rf1 h6 26. Qg3 Qe7 27. Na4 Qc7 28. Bg4 Nxg4 29. Qxg4 Kh8 30. Rc3 Re8 31. h3 Re7 32. Rcf3 Kg8 33. Rxf8+ Rxf8 34. Rxf8+ Kxf8 35. Nxe6+ Rxe6 36. Qxe6 Bc8 37. Qd5 Bd7 38. Nc3 b5 39. cxb5 axb5 40. Qd3 Kg8 41. Kh1 Be8 42. a3 Kh8 43. Nd5 Qc1+ 44. Kh2 Bc6 45. Qc3 Qxc3 46. Nxc3 Kg8 47. Kg3 Kf7 48. Kf4 Ke6 49. h4 g6 50. g4 Bd7 51. g5 hxg5+ 52. hxg5 Be8 53. Ne2 Ke7 54. Nd4 Bd7 55. e5 d5 56. e6 Bxe6 57. Ke5 Bg4 58. Kxd5 1-0

[Event "Donskoj"]
[Site "Donskoj"]
[Date "2010.09.07"]
[Round "5"]
[White "Zaitsev, Alexander"]
[Black "Stepanov, Alexander M"]
[Result "1-0"]
[WhiteElo "2375"]
[BlackElo "2381"]
[PlyCount "49"]
[EventDate "2010.09.04"]
[EventType "tourn"]
[EventRounds "15"]
[EventCountry "RUS"]
[EventCategory "6"]
[SourceTitle "EXT 2011"]
[Source "ChessBase"]
[SourceDate "2010.11.26"]
[SourceVersion "1"]
[SourceVersionDate "2010.11.26"]
[SourceQuality "1"]

1. e4 c5 2. Nf3 d6 3. d4 cxd4 4. Nxd4 Nf6 5. Nc3 a6 6. Bg5 e6 7. f4 Qc7 8. Qf3 Nbd7 9. 0-0-0 b5 10. Bxf6 Nxf6 11. e5 Bb7 12. Qh3 dxe5 13. Ncxb5 axb5 14. Bxb5+ Ke7 15. fxe5 Qxe5 16. Rhe1 Qg5+ 17. Kb1 Bd5 18. Nc6+ Kd7 19. c4 Kc7 20. cxd5 Nxd5 21. Ne5 Bb4 22. Rxd5 Bxe1 23. Rc5+ Kb6 24. Nd7+ Kb7 25. Qf3+ 1-0

[Event "Tula"]
[Site "Tula"]
[Date "2010.08.20"]
[Round "13"]
[White "Stepanov, Alexander M"]
[Black "Moiseev, Viktor"]
[Result "0-1"]
[WhiteElo "2405"]
[BlackElo "2415"]
[PlyCount "84"]
[EventDate "2010.08.11"]
[EventType "tourn"]
[EventRounds "13"]
[EventCountry "RUS"]
[EventCategory "6"]
[SourceTitle "CBM 138 Extra"]
[Source "ChessBase"]
[SourceDate "2010.10.29"]
[SourceVersion "1"]
[SourceVersionDate "2010.10.29"]
[SourceQuality "1"]

1. Nf3 Nf6 2. c4 g6 3. Nc3 Bg7 4. e3 0-0 5. Be2 d5 6. 0-0 c5 7. d3 dxc4 8. dxc4 Bf5 9. Ng5 Qxd1 10. Rxd1 Nc6 11. f3 h6 12. Nge4 Nxe4 13. fxe4 Be6 14. Bd2 Rad8 15. Nd5 Rd7 16. Rab1 g5 17. Bc3 Bxc3 18. Nxc3 Rfd8 19. Nd5 Kg7 20. b3 f6 21. Bh5 Bf7 22. Bxf7 Kxf7 23. Rf1 Ne5 24. Rb2 h5 25. Rbf2 h4 26. g3 hxg3 27. hxg3 Ng4 28. Rf5 Kg7 29. R5f3 Rh8 30. Rd1 e6 31. Nc3 Rhd8 32. Rxd7+ Rxd7 33. e5 f5 34. e4 Nxe5 35. Rf1 Rd3 36. Na4 Rxg3+ 37. Kh2 f4 38. Nxc5 Nf3+ 39. Kh1 b6 40. Nxe6+ Kf6 41. Nc7 g4 42. Nd5+ Kg5 0-1

[Event "Tula"]
[Site "Tula"]
[Date "2010.08.18"]
[Round "10"]
[White "Stepanov, Alexander M"]
[Black "Abbasov, Farid"]
[Result "0-1"]
[WhiteElo "2405"]
[BlackElo "2549"]
[PlyCount "138"]
[EventDate "2010.08.11"]
[EventType "tourn"]
[EventRounds "13"]
[EventCountry "RUS"]
[EventCategory "6"]
[SourceTitle "CBM 138 Extra"]
[Source "ChessBase"]
[SourceDate "2010.10.29"]
[SourceVersion "1"]
[SourceVersionDate "2010.10.29"]
[SourceQuality "1"]

1. c4 c5 2. Nc3 Nc6 3. Nf3 Nf6 4. d4 cxd4 5. Nxd4 g6 6. e4 d6 7. Be2 Nxd4 8. Qxd4 Bg7 9. Be3 0-0 10. Qd2 Be6 11. 0-0 a6 12. f3 Qa5 13. Nd5 Qxd2 14. Bxd2 Nxd5 15. exd5 Bd7 16. Bc3 Bxc3 17. bxc3 Rac8 18. Rab1 Rc7 19. Rb2 Rfc8 20. Bd3 b5 21. cxb5 Rxc3 22. Be2 Bxb5 23. Bxb5 axb5 24. Rxb5 Rc2 25. Ra1 Rc1+ 26. Rxc1 Rxc1+ 27. Kf2 Rc2+ 28. Kg3 Rxa2 29. Rb7 Kf8 30. Rb3 Rd2 31. Rb5 Rc2 32. Rb4 Rd2 33. Rb5 Kg7 34. Ra5 Kf6 35. Rb5 h5 36. h4 Rc2 37. Rb3 Re2 38. Rd3 Ke5 39. Rd1 f6 40. Rd3 g5 41. hxg5 fxg5 42. Rd1 Kf6 43. Rd4 Ke5 44. Rd1 Kf6 45. Rd4 Ra2 46. Rd1 Ra4 47. Rd3 Rc4 48. Rd2 Rb4 49. Rd1 Rb2 50. Rd4 Rc2 51. Rd1 Rc4 52. Rd3 e5 53. dxe6 Kxe6 54. Re3+ Kd5 55. Re8 h4+ 56. Kh3 Rf4 57. Rg8 Kc4 58. Rxg5 d5 59. Rg8 d4 60. Rc8+ Kb3 61. Rb8+ Kc2 62. Kh2 d3 63. Rc8+ Kd1 64. Kg1 h3 65. gxh3 Rxf3 66. h4 Ke2 67. Kg2 d2 68. Rc2 Rd3 69. Rxd2+ Kxd2 0-1